| 000 | 00507nam a22001577a 4500 | ||
|---|---|---|---|
| 082 |
_a621.40 _bKAS |
||
| 100 |
_aKashif Mushtaq (328962) _9124868 |
||
| 245 | _aUtilizing Evaporative Cooling for Efficient Thermal Management of Lithium-Ion Batteries in Electric Vehicles / | ||
| 264 |
_aIslamabad : _bUSPCAS-E, NUST _cMAY, 2024. |
||
| 300 |
_axv, 63 p. _e+CD |
||
| 520 | _aTH-572 | ||
| 650 |
_aMS TEE Thesis _9116575 |
||
| 650 |
_aMS Thesis _918721 |
||
| 700 |
_aDr. Adeel Waqas _928869 |
||
| 942 |
_2ddc _cTHE |
||
| 999 |
_c610653 _d610653 |
||